Egypt's economic predicament : (Record no. 21426)
[ view plain ]
| 000 -LEADER | |
|---|---|
| fixed length control field | 01296cam a22003135a 4500 |
| 001 - CONTROL NUMBER | |
| control field | 2544092 |
| 005 - DATE AND TIME OF LATEST TRANSACTION | |
| control field | 20160523140339.0 |
| 008 - FIXED-LENGTH DATA ELEMENTS--GENERAL INFORMATION | |
| fixed length control field | 941202t1995 ne a frb 001 0 eng d |
| 020 ## - INTERNATIONAL STANDARD BOOK NUMBER | |
| International Standard Book Number | 9004101888 (alk. paper) |
| 020 ## - INTERNATIONAL STANDARD BOOK NUMBER | |
| International Standard Book Number | 9789004101883 |
| 040 ## - CATALOGING SOURCE | |
| Original cataloging agency | DLC |
| Transcribing agency | DLC |
| Modifying agency | DLC |
| -- | EG-ScBUE |
| Language of cataloging | eng |
| 043 ## - GEOGRAPHIC AREA CODE | |
| Geographic area code | f-ua--- |
| 082 04 - DEWEY DECIMAL CLASSIFICATION NUMBER | |
| Edition number | 22 |
| Classification number | 338.962 |
| Item number | AMI |
| 100 1# - MAIN ENTRY--PERSONAL NAME | |
| Personal name | Amin, Galal A., |
| Dates associated with a name | 1935- |
| 245 10 - TITLE STATEMENT | |
| Title | Egypt's economic predicament : |
| Remainder of title | a study in the interaction of external pressure, political folly, and social tension in Egypt, 1960-1990 / |
| Statement of responsibility, etc | by Galal A. Amin. |
| 260 ## - PUBLICATION, DISTRIBUTION, ETC. (IMPRINT) | |
| Place of publication, distribution, etc | Leiden ; |
| -- | New York ; |
| -- | Koln : |
| Name of publisher, distributor, etc | E. J. Brill, |
| Date of publication, distribution, etc | c.1995. |
| 300 ## - PHYSICAL DESCRIPTION | |
| Extent | xiii, 146 p. : |
| Other physical details | ill. ; |
| Dimensions | 25 cm. |
| 490 0# - Series Statement | |
| Series statement | Social, economic and political studies of the Middle East, |
| International Standard Serial Number | 0085-6193 ; |
| Volume/sequential designation | v. 51 |
| Series statement | Etudes sociales, economiques et politiques du Moyen Orient ; |
| Volume/sequential designation | v. 51 |
| 500 ## - GENERAL NOTE | |
| General note | Index : p. 145-146. |
| 504 ## - BIBLIOGRAPHY, ETC. NOTE | |
| Bibliography, etc | Bibliography : p. [141]-143. |
| 650 #0 - SUBJECT ADDED ENTRY--TOPICAL TERM | |
| Topical term or geographic name as entry element | Structural adjustment (Economic policy) |
| Geographic subdivision | Egypt. |
| Source of heading or term | BUEsh |
| 650 #0 - SUBJECT ADDED ENTRY--TOPICAL TERM | |
| Topical term or geographic name as entry element | Debts, External |
| Geographic subdivision | Egypt. |
| Source of heading or term | BUEsh |
| 651 #0 - SUBJECT ADDED ENTRY--GEOGRAPHIC NAME | |
| Geographic name | Egypt |
| General subdivision | Economic conditions |
| Chronological subdivision | 1952- |
| Source of heading or term | BUEsh |
| 651 #0 - SUBJECT ADDED ENTRY--GEOGRAPHIC NAME | |
| Geographic name | Egypt |
| General subdivision | Social conditions |
| Chronological subdivision | 1952- |
| Source of heading or term | BUEsh |
| 651 #0 - SUBJECT ADDED ENTRY--GEOGRAPHIC NAME | |
| Geographic name | Egypt |
| General subdivision | Politics and government |
| Chronological subdivision | 1952- |
| Source of heading or term | BUEsh |
| 9 (RLIN) | 20861 |
| 653 ## - INDEX TERM--UNCONTROLLED | |
| Resource For college | BAEPS, Economics |
| Arrived date list | March2016 |
| -- | May2016 |
| 655 ## - INDEX TERM--GENRE/FORM | |
| Form subdivision | Text book |
| -- | 33728 |
| 942 ## - ADDED ENTRY ELEMENTS (KOHA) | |
| Source of classification or shelving scheme | Dewey Decimal Classification |
| Withdrawn status | Item status | Source of classification or shelving scheme | Damaged status | Not for loan | Vendor | Home library | Current library | Shelving location | Date acquired | Source of acquisition | Total Checkouts | Full call number | Barcode | Date last seen | Koha item type | Date last borrowed | Total Renewals |
|---|---|---|---|---|---|---|---|---|---|---|---|---|---|---|---|---|---|
| Dewey Decimal Classification | Baccah | Central Library | Central Library | First floor | 15/03/2016 | Purchase | 338.962 AMI | 000032055 | 15/07/2025 | NB - Book (Non borrowing) | |||||||
| Dewey Decimal Classification | Baccah | Central Library | Central Library | First floor | 23/05/2016 | Purchase | 4 | 338.962 AMI | 000037503 | 15/07/2025 | Book - Borrowing | 18/02/2017 | |||||
| Dewey Decimal Classification | Baccah | Central Library | Central Library | First floor | 23/05/2016 | Purchase | 1 | 338.962 AMI | 000037502 | 15/07/2025 | Book - Borrowing | 11/10/2016 | 2 | ||||
| Dewey Decimal Classification | Baccah | Central Library | Central Library | First floor | 23/05/2016 | Purchase | 5 | 338.962 AMI | 000032568 | 15/07/2025 | Book - Borrowing | 17/10/2021 | 17 | ||||
| Dewey Decimal Classification | Baccah | Central Library | Central Library | First floor | 23/05/2016 | Purchase | 4 | 338.962 AMI | 000032569 | 15/07/2025 | Book - Borrowing | 14/02/2018 | 17 |